| 000 | 00729nam a2200229 a 4500 | ||
|---|---|---|---|
| 001 | BRCA_5798 | ||
| 005 | 20190320205222.0 | ||
| 008 | 100311t1953----mx-abd###s---#000-0#spa-# | ||
| 041 | _aspa | ||
| 044 | _amx | ||
| 050 | 4 |
_aHC135 _b.C552 _c1953 |
|
| 100 | 1 |
_aOrtíz Mena, Raúl. _914697 |
|
| 245 | 1 | 0 | _aEl Desarrollo Económico de México y su capacidad para absorber capital del exterior. |
| 260 |
_aMéxico _bNacional Financiera. _c1953 |
||
| 300 |
_a505 p. _bils., maps. _c21 cm. |
||
| 500 | _aMapa de la República Mexicana, gráficas, tablas, índice general y de cuadros. | ||
| 500 | _aH85 | ||
| 650 | 1 | 4 |
_aFinanzas _zMéxico _914605 |
| 651 | 4 |
_aMéxico _xCondiciones económicas _92842 |
|
| 902 | _aGFM | ||
| 942 |
_2lcc _cB |
||
| 999 |
_c5487 _d5487 |
||